Comuni della Provincia di Savona - Statistics

Statistiche generali
  • Questo quiz è stato fatto 345 volte
  • Il punteggio medio è 46 su 69
Statistiche sulle risposte
Comune % Corretto
Albenga
89%
Finale Ligure
89%
Alassio
88%
Pietra Ligure
86%
Vado Ligure
86%
Savona
85%
Varazze
85%
Loano
82%
Spotorno
82%
Noli
81%
Albissola Marina
80%
Celle Ligure
80%
Bergeggi
77%
Albisola Superiore
76%
Cairo Montenotte
76%
Borghetto Santo Spirito
75%
Quiliano
75%
Carcare
74%
Ceriale
74%
Sassello
74%
Andora
73%
Calizzano
73%
Stella
72%
Borgio Verezzi
70%
Toirano
70%
Altare
69%
Bardineto
69%
Laigueglia
69%
Millesimo
68%
Cengio
67%
Mallare
67%
Pallare
67%
Bormida
65%
Dego
65%
Castelvecchio di Rocca Barbena
63%
Orco Feglino
63%
Osiglia
63%
Vezzi Portio
63%
Erli
61%
Balestrino
60%
Cosseria
60%
Garlenda
60%
Murialdo
60%
Zuccarello
60%
Boissano
59%
Piana Crixia
59%
Calice Ligure
58%
Giustenice
58%
Giusvalla
58%
Villanova d'Albenga
58%
Cisano sul Neva
57%
Ortovero
57%
Plodio
57%
Rialto
57%
Roccavignale
57%
Urbe
57%
Onzo
55%
Pontinvrea
55%
Stellanello
55%
Tovo San Giacomo
55%
Arnasco
53%
Mioglia
53%
Vendone
52%
Casanova Lerrone
50%
Castelbianco
50%
Massimino
50%
Nasino
50%
Testico
50%
Magliolo
49%
Nessun quiz corrispondente trovato
Distribuzione punteggi
Percentuale di utenti per punteggio
Percentile per numero di risposta
I tuoi punteggi nel tempo
Non hai fatto questo quiz